Les albums d'Alix - Bande dessinée - Statistiques

Statistiques générales
  • Ce quiz a été pris 35 fois
    15 depuis la dernière actualisation
  • Le résultat moyen est 28 sur 60
Statistiques - réponses
Année Auteur(s) Albums % Correct
Les aventures d'Alix 1949 Jacques Martin Alix l'{Intrépide}
100%
Les aventures d'Alix 1956 Jacques Martin La {tiare} d'Oribal
90%
Les aventures d'Alix 1967 Jacques Martin Le dernier {Spartiate}
90%
Les aventures d'Alix 1974 Jacques Martin Le fils de {Spartacus}
90%
Les aventures d'Alix 1963 Jacques Martin Les légions {perdues}
90%
Les aventures d'Alix 1968 Jacques Martin Le tombeau {étrusque}
90%
Les aventures d'Alix 1988 Jacques Martin Le cheval de {Troie}
80%
Les aventures d'Alix 1952 Jacques Martin L'île {maudite}
80%
Les aventures d'Alix 1959 Jacques Martin La {griffe} noire
70%
Les aventures d'Alix 1981 Jacques Martin La tour de {Babel}
70%
Les aventures d'Alix 1982 Jacques Martin L'empereur de {Chine}
70%
Les aventures d'Alix 1976 Jacques Martin Le spectre de {Carthage}
70%
Les aventures d'Alix 1950 Jacques Martin Le {Sphinx} d'or
70%
Alix senator 2019 V. Mangin Th. Démarez Les spectres de {Rome}
70%
Les aventures d'Alix 1985 Jacques Martin V{ercingétorix}
70%
Les aventures d'Alix 1972 Jacques Martin {Iorix} le Grand
60%
Les aventures d'Alix 2001 Avec R. Morales et M. Henniquiau La chute d'{Icare}
60%
Alix senator 2018 V. Mangin Th. Démarez La {cité} des poisons
60%
Les aventures d'Alix 2009 Avec P. Weber, Ferry La {cité} engloutie
60%
Les aventures d'Alix 2003 Avec R. Morales et M. Henniquiau Le fleuve de {jade}
60%
Les aventures d'Alix 1979 Jacques Martin L'{enfant} grec
60%
Les aventures d'Alix 2005 Avec R. Morales et M. Henniquiau Roma, {Roma}
60%
Les aventures d'Alix 2011 M. Lafon, Ch. Simon La {conjuration} de Baal
50%
Alix senator 2014 V. Mangin Th. Démarez La {conjuration} des rapaces
50%
Les aventures d'Alix 2020 D.B., G. Albertini Le {dieu} sans nom
50%
Les aventures d'Alix 1969 Jacques Martin Le dieu {sauvage}
50%
Les aventures d'Alix 1973 Jacques Martin Le {prince} du Nil
50%
Les aventures d'Alix 1977 Jacques Martin Les {proies} du volcan
50%
Les aventures d'Alix 1996 Avec R. Morales et M. Henniquiau Ô {Alexandrie}
50%
Les aventures d'Alix 2015 M. Breda, M. Jailloux Par delà le {Styx}
50%
Les aventures d'Alix 2018 D.B., G. Albertini Veni, {Vidi}, Vici
50%
Alix origines 2022 M. Bourgne L. Libessart Le {démon} de Torralba
40%
Alix origines 2019 M. Bourgne L. Libessart L'{enfance} d'un Gaulois
40%
Les aventures d'Alix 2010 M. Venanzi Le {testament} de César
40%
Les aventures d'Alix 2006 Avec F. Maingoval, C. Hervan, Ch. Simon C'était à {Khorsabad}
30%
Les aventures d'Alix 2022 V. Mangin, C. Millien La reine des {Amazones}
30%
Les aventures d'Alix 2023 R. Seiter M. Jailloux Le {bouclier} d'Achille
30%
Alix senator 2021 V. Mangin Th. Démarez Le {disque} d'Osiris
30%
Alix origines 2021 M. Bourgne L. Libessart Le peuple de {feu}
30%
Les aventures d'Alix 1998 Avec R. Morales et M. Henniquiau Les {Barbares}
30%
Alix senator 2020 V. Mangin Th. Démarez L'esclave de {Khorsabad}
30%
Les aventures d'Alix 2017 M. Breda, M. Jailloux Le serment du {gladiateur}
30%
Alix senator 2016 V. Mangin Th. Démarez Les hurlemants de {Cybèle}
30%
Les aventures d'Alix 2012 F. Corteggiani, M. Venanzi, M. Barthélémi, V.Robin L'ombre de {Sarapis}
30%
Les aventures d'Alix 2016 P. Valmour, M. Venanzi L'Or de {Saturne}
30%
Les aventures d'Alix 2014 M. Breda, M. Jailloux B{ritannia}
20%
Les aventures d'Alix 2013 G. Ranouil, M. Jailloux, C. Billon La dernière {conquête}
20%
Alix senator 2020 V. Mangin Th. Démarez La {forêt} carnivore
20%
Alix senator 2017 V. Mangin Th. Démarez La {montagne} des morts
20%
Alix senator 2022 V. Mangin Th. Démarez L'antre du {Minotaure}
20%
Alix senator 2012 V. Mangin Th. Démarez Les Aigles de {sang}
20%
Les aventures d'Alix 2008 Avec P. Weber, Ch. Simon Les {démons} du Pharos
20%
Alix senator 2023 V. Mangin Th. Démarez Le {serment} d'Arminius
20%
Les aventures d'Alix 2019 M. Breda, M. Jailloux Les {Helvètes}
20%
Les aventures d'Alix 2007 Avec F. Maingoval, P. Weber, Ch. Simon L'{Ibère}
20%
Les aventures d'Alix 2021 V. Mangin, C. Millien L'oeil du {minotaure}
20%
Alix senator 2018 V. Mangin Th. Démarez La Puissance et l'{Eternité}
10%
Alix senator 2015 V. Mangin Th. Démarez Les démons de {Sparte}
10%
Alix origines 2023 M. Bourgne L. Libessart La {reine} en péril
0%
Alix senator 2013 V. Mangin Th. Démarez Le dernier {pharaon}
0%
Aucun quiz correspondant
Distribution des résultats
% des personnes avec chaque résultat
Percentile par nombre de réponses
Votre historique - résultats
Vous n’avez pas pris ce quiz depuis la dernière actualisation